000 00798cam a2200265 a 4500
999 _c48379
_d48379
001 1997223
005 20191015112447.0
008 901107s1990 mau 001 0 eng
010 _a 90023759
020 _a0943575451 :
_c$7.95
040 _aDLC
_cDLC
_dDLC
041 0 _aenggrc
100 1 _aRobinson, Thomas A.
_q(Thomas Arthur),
_d1951-
245 1 0 _aMastering Greek vocabulary /
_cThomas A. Robinson.
260 _aPeabody, Mass. :
_bHendrickson Publishers,
_cc1990.
300 _ax, 176 p. ;
_c23 cm.
336 _atext
337 _aunmediated
338 _avolume
500 _aIncludes index.
630 0 0 _aBible.
_pNew Testament
_xLanguage, style.
650 0 _aGreek language, Biblical
_xVocabulary.
906 _a7
_bcbc
_corignew
_d1
_eocip
_f19
_gy-gencatlg
942 _2lcc
_cBK